Rois de France à l'époque moderne - Statistiques

Statistiques générales
  • Ce quiz a été pris 120 fois
  • Le résultat moyen est 12 sur 14
Statistiques - réponses
Maison Dates du règne Roi de France % Correct
Valois directs 1461-1483 Louis XI
94%
Valois-Orléans 1494-1515 Louis XII
94%
Bourbons 1715-1774 Louis XV
94%
Bourbons 1774-1792 Louis XVI
94%
Bourbons 1610-1643 Louis XIII
92%
Bourbons 1643-1715 Louis XIV
92%
Valois-Angoulême 1547-1559 Henri II
87%
Valois-Angoulême 1515-1547 François Ier
86%
Bourbons 1589-1610 Henri IV
86%
Valois-Angoulême 1574-1589 Henri III
83%
Valois-Angoulême 1559-1560 François II
71%
Valois-Angoulême 1560-1574 Charles IX
67%
Valois directs 1422-1461 Charles VII
65%
Valois directs 1483-1498 Charles VIII
58%
Aucun quiz correspondant
Distribution des résultats
% des personnes avec chaque résultat
Percentile par nombre de réponses
Votre historique - résultats
Vous n’avez pas pris ce quiz